Loading...
Worldwide variation in human growth /
| Main Author: | |
|---|---|
| Other Authors: | |
| Language: | Undetermined |
| Published: |
London :
Cambridge Uty Press ,
1976.
|
| LEADER | 00477nam a2200145Ia 4500 | ||
|---|---|---|---|
| 001 | 28333 | ||
| 008 | 170722s9999 xx 000 0 und d | ||
| 100 | |a Eveleth, Phyllis B. And | ||
| 245 | |a Worldwide variation in human growth / | ||
| 260 | |a London : |b Cambridge Uty Press , |c 1976. | ||
| 300 | |a Ppxiv+498 |c 22.5cms | ||
| 700 | |a Tanner, Jm | ||
| 942 | |c GEN | ||
| 999 | |c 93349 |d 93349 | ||
| 952 | |0 1 |1 0 |4 0 |6 L_9C7_L6 |7 0 |9 130917 |a LIB |b LIB |d 2017-08-12 |o L9C:7 L6 |p 170727 |r 2017-08-12 |v 0.00 |w 2017-08-12 |y GEN | ||